01018nam a2200253 a 4500001001000000003000500010005001700015008004100032010001100073011001100084040000900095100002700104245020400131260004100335500006000376502009000436650003000526650003100556650002700587650001800614650002400632700003800656856007000694000112066CHAP20220329144244.0151201s2015 mx a sm |||||||spa d a108527 a109499 cCHAP1 aHuerta Peña, Lizbeth10aEstudio de factibilidad y buenas prácticas de manufactura de una panificadora en el municipio de Huazolotitlán, Oaxacah[En línea]cpor Lizbeth Huerta Peña y Cirenia Magdalena López Díaz. aChapingo, Méx. :bEl autor,c2015. aPara ver el contenido del material haga clic en la liga aTesis (Ingeniero Agroindustrial) -- UACH. Departamento de Ingeniería Agroindustrial14aEstudios de factibilidad.14aIndustrias manufactureras.14aInocuidad alimentaria.14aPanxConsumo.14aPanxElaboración.1 aLópez Díaz, Cirenia Magdalena aFinding aiduhttp://10.13.5.2/tesis/sist112066.pdfzTeclea aquí